000 00907nam a2200265Ia 4500
003 OSt
005 20221006154807.0
006 a|||||r|||| 00| 0
007 ta
008 221006b |||||||| |||| 00| 0 chi d
020 _a9780295986999
_c¥2368
024 _a39,312
037 _bGift, Japan Foundation
_cAnnuals, Advances
040 _aEASL
_cEASL
_bchi
041 _2chi
_achi
082 _aV42:19(zB).P1, P7
100 _aShinoda Tomohito Au.
_9667480
245 0 _aKoizumi diplomacy
_bJapan's kantei approach to foreign and defence affairs
260 _aSeattle
_bUniversity of Washington press
_c2007
300 _axv,197p.
_ccm.
650 _a National security-law and legislation-Japan
_9667481
650 _aJapan-foreign relations
_940500
942 _hV42:19(zB).P1, P7
_cREF
_2CC
999 _c1107398
_d1107398